[Event "London Classic - FIDE Open"]
[Site "Olympia"]
[Date "2009.12.11"]
[Round "4"]
[White "Doran, Chris"]
[Black "Barton, R Alan"]
[Result "0-1"]
[WhiteElo "1963"]
[BlackElo "2119"]
[PlyCount "68"]
[EventDate "2009.??.??"]

1. e4 b6 2. d4 Bb7 3. Bd3 e6 4. Nf3 Ne7 5. Bf4 d6 6. O-O Nd7 7. Nbd2 Ng6 8. Bg3
Be7 9. Re1 a6 10. a4 h5 11. h3 e5 12. Nc4 Bf6 13. c3 Qe7 14. Ne3 Ndf8 15. d5
Nh7 16. Nf5 Qf8 17. Qb3 Bc8 18. a5 Rb8 19. Qc4 Kd8 20. axb6 Rxb6 21. Ra2 Ng5
22. Nxg5 Bxg5 23. Rea1 h4 24. Bh2 Nf4 25. Bxf4 Bxf4 26. Rxa6 Rxa6 27. Rxa6 g6
28. Ra8 gxf5 29. Qc6 Qh6 30. Ba6 Ke7 31. Qxc7+ Bd7 32. Ra7 Rd8 33. Bb5 Bg3 34.
fxg3 Qe3+ 0-1

[Event "London Classic - FIDE Open"]
[Site "Olympia"]
[Date "2009.12.11"]
[Round "4"]
[White "Roberts, David L"]
[Black "Cork, David J"]
[Result "1-0"]
[WhiteElo "2119"]
[BlackElo "1882"]
[PlyCount "41"]
[EventDate "2009.??.??"]

1. e4 c5 2. Nf3 d6 3. d4 cxd4 4. Nxd4 Nf6 5. Nc3 g6 6. Be3 Bg7 7. f3 O-O 8. Qd2
Nc6 9. Bc4 Bd7 10. O-O-O Ne5 11. Bb3 Qa5 12. Bh6 Bxh6 13. Qxh6 Rfc8 14. Nd5
Nxd5 15. exd5 Nc4 () {=} 16. h4 Qd8 17. h5 Qf8 18. Qxf8+ Kxf8 19. hxg6 hxg6 20.
Bxc4 Rxc4 21. Rh8+ 1-0

[Event "London Classic - FIDE Open"]
[Site "Olympia"]
[Date "2009.12.11"]
[Round "4"]
[White "Pupier, Terry"]
[Black "Tozer, Philip"]
[Result "0-1"]
[WhiteElo "1940"]
[BlackElo "2106"]
[PlyCount "130"]
[EventDate "2009.??.??"]

1. e4 e6 2. d4 d5 3. Nc3 Nf6 4. Bg5 Be7 5. e5 Nfd7 6. h4 O-O 7. Nf3 c5 8. Nb5
Nc6 9. c3 cxd4 10. cxd4 f6 11. exf6 Nxf6 12. a3 Ne4 13. Bxe7 Qxe7 14. Be2 Bd7
15. Rc1 Be8 16. O-O Bh5 17. g3 a6 18. Nc3 Nxc3 19. Rxc3 Qf6 20. Rxc6 bxc6 21.
Ne5 Bxe2 22. Qxe2 Qe7 23. Rc1 Rfc8 24. Rc5 Qd6 25. b4 Rc7 26. Ra5 Qf8 27. Rxa6
Qc8 28. Rxa8 Qxa8 29. Qg4 Re7 30. Qg5 Ra7 31. Qg4 Qc8 32. Qf3 Qa8 33. Qg4 Qc8
34. Qf3 Qf8 35. Qc3 Qa8 36. Nxc6 Rxa3 37. Qc5 Qf8 38. Ne5 Ra2 39. Qxf8+ Kxf8
40. b5 Rb2 41. b6 Ke8 42. Kg2 Rxb6 43. Kf3 Ke7 44. Kf4 Rb2 45. Ke3 Kf6 46. g4
Rb1 47. Kf4 Rd1 48. Nc6 Rc1 49. Ne5 Rd1 50. Nc6 Ra1 51. h5 h6 52. Ne5 Re1 53.
f3 Rc1 54. Nd7+ Ke7 55. Ne5 Rd1 56. Ke3 Kd6 57. Nf7+ Kc6 58. Nd8+ Kb5 59. Ke2
Rxd4 60. Nxe6 Kc4 61. Nxg7 Rf4 62. Nf5 d4 63. Nxh6 Kc3 64. Nf5 d3+ 65. Kf2 Rxf5
0-1

[Event "London Classic - FIDE Open"]
[Site "Olympia"]
[Date "2009.12.11"]
[Round "4"]
[White "Campbell, Eoin"]
[Black "Fegan, Chris"]
[Result "0-1"]
[WhiteElo "1910"]
[BlackElo "2078"]
[PlyCount "52"]
[EventDate "2009.??.??"]

1. Nf3 g6 2. c4 Bg7 3. g3 e5 4. d3 d6 5. Bg2 Nc6 6. O-O f5 7. Nc3 Nf6 8. Rb1
O-O 9. b4 h6 10. b5 Ne7 11. c5 Be6 12. Ba3 Rc8 13. Qa4 b6 14. cxd6 cxd6 15.
Rfc1 Qd7 16. Qb4 Ne8 17. d4 Rc4 18. d5 Rxb4 19. Bxb4 Nxd5 20. Nxd5 Bxd5 21.
Nxe5 dxe5 22. Bxf8 Bxf8 23. Bxd5+ Qxd5 24. Rc8 Qxa2 25. Rd1 Qxe2 26. Rdd8 Bc5
0-1

[Event "London Classic - FIDE Open"]
[Site "Olympia"]
[Date "2009.12.11"]
[Round "4"]
[White "Sara, Valerio"]
[Black "Hamzah Mohd Zuhri, Amier"]
[Result "1-0"]
[WhiteElo "2072"]
[BlackElo "1730"]
[PlyCount "95"]
[EventDate "2009.??.??"]

1. d4 d5 2. Nf3 Nf6 3. c4 e6 4. Nc3 Nbd7 5. Bg5 Be7 6. e3 a6 7. cxd5 exd5 8.
Bd3 O-O 9. O-O Re8 10. Qc2 c6 11. h3 Ne4 12. Bxe4 dxe4 13. Nxe4 h6 14. Bxe7
Qxe7 15. Ng3 Nb6 16. Ne5 Be6 17. a3 Rad8 18. b4 Bd5 19. Rac1 Nd7 20. Nd3 Nb6
21. Qc5 Qxc5 22. bxc5 Nc4 23. Rc3 Nd2 24. Rd1 Ne4 25. Nxe4 Bxe4 26. Nb2 Re6 27.
f3 Bg6 28. Nc4 Re7 29. Rd2 Bf5 30. Rb2 Rc7 31. Nd6 Be6 32. Rc1 Bc8 33. Rcb1 Re7
34. Kf2 b5 35. cxb6 Rxd6 36. b7 Bxb7 37. Rxb7 Re8 38. Rc7 Ra8 39. Rb6 Rd5 40.
Rbxc6 Rdd8 41. Rb6 a5 42. Rbb7 Rf8 43. Rb5 Rfb8 44. Rcc5 Rxb5 45. Rxb5 Ra6 46.
e4 Kf8 47. d5 Ke7 48. a4 1-0

[Event "London Classic - FIDE Open"]
[Site "Olympia"]
[Date "2009.12.11"]
[Round "4"]
[White "Calvert, D Ian"]
[Black "Lie, Terje"]
[Result "0-1"]
[WhiteElo "2070"]
[BlackElo "1666"]
[PlyCount "78"]
[EventDate "2009.??.??"]

1. b3 d5 2. Bb2 e5 3. Bxe5 Nc6 4. Bb2 Nf6 5. e3 Bd6 6. Nf3 Bg4 7. Be2 h5 8. h3
Bf5 9. d3 Qe7 10. Nc3 a6 11. Qd2 O-O-O 12. a3 Rhe8 13. O-O-O Bxa3 14. Bxa3
Qxa3+ 15. Kb1 Nb4 16. Qc1 Qa5 17. Qb2 c5 18. Na2 d4 19. Nxb4 Qxb4 20. e4 Bxe4
21. dxe4 Nxe4 22. Bc4 Nc3+ 23. Kc1 Nxd1 24. Rxd1 f6 25. Kb1 g5 26. Qc1 h4 27.
Qd2 Qb6 28. Re1 Qc7 29. Be6+ Kb8 30. Bf5 b5 31. Re4 Rxe4 32. Bxe4 Rd6 33. Bf5
Ka7 34. Qe1 Qd8 35. Nd2 Rd5 36. Qe4 Re5 37. Qf3 Re1+ 38. Kb2 Qa5 39. c3 Qa1+
0-1

[Event "London Classic - FIDE Open"]
[Site "Olympia"]
[Date "2009.12.11"]
[Round "4"]
[White "Shaw, Robin A"]
[Black "Clarke, Brandon G I"]
[Result "1-0"]
[WhiteElo "1822"]
[BlackElo "2056"]
[PlyCount "99"]
[EventDate "2009.??.??"]

1. e4 e6 2. d4 d5 3. c4 dxe4 4. f3 e5 5. d5 Bc5 6. Nc3 Bxg1 7. Rxg1 Qh4+ 8. g3
Qxh2 9. Rg2 Qh5 10. Nxe4 Nd7 11. Be3 b6 12. g4 Qh4+ 13. Bf2 Qe7 14. d6 cxd6 15.
Nxd6+ Kf8 16. Qd2 Ba6 17. O-O-O Rd8 18. Nf5 Qe8 19. Qb4+ Ne7 20. Nd6 Nc6 21.
Qa4 Qe7 22. Qxc6 Nb8 23. Qd5 h5 24. Bh4 g5 25. Bg3 Rh6 26. Bxe5 Re6 27. Bh2 Rd7
28. Rgd2 hxg4 29. fxg4 Bb7 30. Qd4 f6 31. Qf2 Re3 32. Nf5 Rc3+ 33. Kb1 Qe4+ 34.
Ka1 Qc2 35. a3 Be4 36. Nd4 Qa4 37. Qxf6+ Ke8 38. Qe6+ Re7 39. Qc8+ Kf7 40. Rf2+
Bf3 41. Qf5+ Kg8 42. Qxg5+ Rg7 43. Qd8+ Kh7 44. Bd3+ Rg6 45. Bxg6+ Kxg6 46.
Qg8+ Kf6 47. Qe6+ Kg5 48. Qf5+ Kh6 49. Bf4+ Kg7 50. Ne6+ 1-0

[Event "London Classic - FIDE Open"]
[Site "Olympia"]
[Date "2009.12.11"]
[Round "4"]
[White "Gandolfi, Gianfranco"]
[Black "Owen, Dennis"]
[Result "1/2-1/2"]
[WhiteElo "1830"]
[BlackElo "2055"]
[PlyCount "100"]
[EventDate "2009.??.??"]

1. e4 c6 2. d4 d5 3. exd5 cxd5 4. Bd3 Nf6 5. c3 Nc6 6. Bf4 e6 7. Nf3 Be7 8.
Nbd2 Nh5 9. Be3 O-O 10. Ne5 Nxe5 11. dxe5 g6 12. O-O Bd7 13. f4 f5 14. exf6
Bxf6 15. Nf3 Qc7 16. Qd2 Ng7 17. Bd4 Bxd4+ 18. Nxd4 e5 19. fxe5 Qxe5 20. Rae1
Qd6 21. g3 Bh3 22. Rxf8+ Rxf8 23. Bf1 Bxf1 24. Rxf1 Rxf1+ 25. Kxf1 Qa6+ 26. Qe2
Qxa2 27. Ne6 Qc4 28. Qxc4 dxc4 29. Nd8 b6 30. Nc6 a6 31. Nb4 a5 32. Nd5 b5 33.
Ne7+ Kf7 34. Nc6 a4 35. Nd4 Nf5 36. Nxb5 Ke6 37. Ke2 h5 38. Kf3 Ke5 39. Na3 Nd6
40. Ke3 g5 41. Nc2 Nf5+ 42. Kf3 g4+ 43. Ke2 Ke4 44. Na3 Ne3 45. Nb5 Nf5 46. Na3
Nd6 47. Nc2 Nb5 48. Ne3 Nd6 49. Nc2 Nf5 50. Na3 Nd6 1/2-1/2

[Event "London Classic - FIDE Open"]
[Site "Olympia"]
[Date "2009.12.11"]
[Round "4"]
[White "Quinn, Joseph R"]
[Black "Cutmore, David A"]
[Result "0-1"]
[WhiteElo "1813"]
[BlackElo "2054"]
[PlyCount "108"]
[EventDate "2009.??.??"]

1. e4 Nf6 2. e5 Nd5 3. c4 Nb6 4. d4 d6 5. exd6 cxd6 6. Nc3 g6 7. Be3 Bg7 8. Nf3
O-O 9. Be2 Nc6 10. h4 Bg4 11. h5 Bxf3 12. Bxf3 e5 13. d5 Nd4 14. hxg6 fxg6 15.
Be4 Nf5 16. Qg4 Qf6 17. Bxf5 gxf5 18. Qh5 Qg6 19. Qxg6 hxg6 20. Bxb6 axb6 21.
Nb5 e4 22. O-O Bxb2 23. Rab1 Be5 24. Nc7 Rxa2 25. Rxb6 Rc2 26. Rxb7 Rxc4 27.
Ne6 Rfc8 28. g3 Rc2 29. Nf4 Bxf4 30. gxf4 R2c5 31. Kh2 R8c7 32. Rb8+ Kg7 33.
Rd1 Rc2 34. Kg3 R7c3+ 35. Kg2 e3 36. Rb7+ Kf6 37. Rf1 Rd3 38. Re1 Rxf2+ 39. Kg3
Rc2 40. Rb6 e2+ 41. Kf2 Rxd5 42. Rxe2 Rxe2+ 43. Kxe2 Rd4 44. Ke3 Re4+ 45. Kf3
Ke6 46. Rb8 Kd5 47. Kg3 Kd4 48. Rg8 Re6 49. Kh4 d5 50. Kg5 Ke4 51. Rh8 d4 52.
Rh1 Kd3 53. Rd1+ Kc3 54. Rc1+ Kd2 0-1

[Event "London Classic - FIDE Open"]
[Site "Olympia"]
[Date "2009.12.11"]
[Round "4"]
[White "Posylek, Caesar Cezary"]
[Black "Bennion, David"]
[Result "0-1"]
[WhiteElo "1708"]
[BlackElo "2025"]
[PlyCount "40"]
[EventDate "2009.??.??"]

1. e4 e5 2. Nf3 Nc6 3. Bc4 Nf6 4. Nc3 Be7 5. O-O Nxe4 6. Bxf7+ Kxf7 7. Nxe4 d5
8. Nc3 Rf8 9. h3 Kg8 10. d3 Be6 11. Re1 Bc5 12. Na4 Bxf2+ 13. Kxf2 Nd4 14. Kg3
Rxf3+ 15. gxf3 Nf5+ 16. Kf2 Qh4+ 17. Ke2 Ng3+ 18. Kd2 Qf4+ 19. Re3 d4 20. Qe1
dxe3+ 0-1

[Event "London Classic - FIDE Open"]
[Site "Olympia"]
[Date "2009.12.11"]
[Round "4"]
[White "De Lagontrie, Jean"]
[Black "Healeas, Simon"]
[Result "1/2-1/2"]
[WhiteElo "1855"]
[BlackElo "1801"]
[PlyCount "63"]
[EventDate "2009.??.??"]

1. d4 Nf6 2. c4 g6 3. Nc3 Bg7 4. e4 d6 5. f4 O-O 6. Nf3 c5 7. d5 b5 8. cxb5 a6
9. e5 dxe5 10. fxe5 Ng4 11. bxa6 Nxe5 12. Be2 Bxa6 13. Nxe5 Bxe5 14. Bxa6 Nxa6
15. O-O Qb8 16. h3 c4 17. Qe2 Nb4 18. Be3 Nd3 19. Rab1 Bg7 20. Rfd1 Qe5 21.
Rxd3 cxd3 22. Qxd3 Rfb8 23. Kh1 Qf5 24. Qxf5 gxf5 25. Bd2 Bxc3 26. Bxc3 Rxa2
27. Rf1 Rbxb2 28. Bxb2 Rxb2 29. Rxf5 Rd2 30. g4 Kg7 31. Kg1 Kg6 32. Re5 1/2-1/2

[Event "London Classic - FIDE Open"]
[Site "Olympia"]
[Date "2009.12.11"]
[Round "4"]
[White "Burnham, Frank"]
[Black "Reutimann, Hans Peter"]
[Result "0-1"]
[WhiteElo "1812"]
[BlackElo "1853"]
[PlyCount "68"]
[EventDate "2009.??.??"]

1. e4 e6 2. d4 d5 3. exd5 exd5 4. Nf3 Nf6 5. Be2 Bd6 6. Ne5 Nbd7 7. f4 Ne4 8.
O-O O-O 9. Nc3 c6 10. Bd3 Nef6 11. Ne2 Qb6 12. Kh1 Re8 13. c3 Nf8 14. Ng1 Qc7
15. h3 b5 16. g4 Ne4 17. g5 Ng3+ 18. Kg2 Nxf1 19. Qxf1 f6 20. Ng4 Bxg4 21. hxg4
fxg5 22. Nh3 gxf4 23. Nxf4 Ne6 24. Qh1 Nxf4+ 25. Bxf4 g6 26. Bh6 Bf4 27. g5 Qe7
28. Qh4 Qe3 29. Rd1 b4 30. Qg4 bxc3 31. bxc3 Rab8 32. Rb1 Rxb1 33. Bxb1 Qd2+
34. Kh3 Qh2# 0-1

[Event "London Classic - FIDE Open"]
[Site "Olympia"]
[Date "2009.12.11"]
[Round "4"]
[White "Bishop, Geoffrey L"]
[Black "Hoffmann, Piotr"]
[Result "1-0"]
[WhiteElo "1839"]
[BlackElo "1748"]
[PlyCount "139"]
[EventDate "2009.??.??"]

1. e4 e5 2. Nf3 Nc6 3. Nc3 Nf6 4. Nxe5 Nxe5 5. d4 Bb4 6. dxe5 Nxe4 7. Bd2 Bxc3
8. bxc3 Qe7 9. Be2 Nxd2 10. Qxd2 Qxe5 11. O-O O-O 12. Rfe1 Qf6 13. Bf3 c6 14.
c4 Rb8 15. Rab1 b6 16. c5 Rb7 17. a4 Rd8 18. cxb6 axb6 19. Qe3 g6 20. Rxb6 Rxb6
21. Qxb6 Kg7 22. a5 Qc3 23. Kf1 Rf8 24. a6 Bxa6+ 25. Qxa6 Qxc2 26. Qa1+ Kg8 27.
Qd1 Qf5 28. Bg4 Qb5+ 29. Be2 Qb7 30. Qd6 Re8 31. Rd1 Qb2 32. Bc4 Qc2 33. Qd3
Qa4 34. Qb3 Qxb3 35. Bxb3 Re7 36. Re1 Kf8 37. Rxe7 Kxe7 38. Ke2 d5 39. Kd3 Kd6
40. Ba4 f6 41. f4 g5 42. f5 c5 43. g4 Ke5 44. Bc6 c4+ 45. Ke3 Kd6 46. Be8 Kc5
47. Bd7 d4+ 48. Kd2 Kb4 49. Be6 Kc5 50. Kc2 Kb4 51. Bd5 d3+ 52. Kd2 Kc5 53. Bg8
Kd4 54. Bxh7 c3+ 55. Kd1 Ke4 56. Bg8 Kf4 57. Bc4 d2 58. Be2 Ke3 59. Bb5 Kf4 60.
h3 Kg3 61. Kc2 Kf2 62. Kd1 c2+ 63. Kxd2 Kg3 64. Kxc2 Kxh3 65. Be2 Kg3 66. Kd3
Kf4 67. Kd4 Kg3 68. Kd5 Kf2 69. Bd1 Ke1 70. Ke6 1-0

[Event "London Classic - FIDE Open"]
[Site "Olympia"]
[Date "2009.12.11"]
[Round "4"]
[White "Chidi, Lovina Sylvia"]
[Black "Green, Eliot W"]
[Result "1-0"]
[WhiteElo "1819"]
[BlackElo "1522"]
[PlyCount "119"]
[EventDate "2009.??.??"]

1. e4 e5 2. Nf3 d6 3. d4 exd4 4. Nxd4 Qh4 5. Nc3 Bg4 6. Qd3 Qe7 7. h3 Bd7 8.
Nd5 Qd8 9. Be2 c6 10. Nc3 Be7 11. Bf4 Na6 12. a3 Nc5 13. Qd2 Nf6 14. Bf3 O-O
15. O-O Ne6 16. Be3 Nxd4 17. Bxd4 Be6 18. Rfe1 Nd7 19. Be3 Ne5 20. Be2 Qc7 21.
Rad1 Rad8 22. f4 Nc4 23. Bxc4 Bxc4 24. Qd4 Ba6 25. Qxa7 c5 26. Nd5 Qd7 27. Qb6
Bh4 28. Bf2 Bxf2+ 29. Kxf2 Bb5 30. Qa5 Bc6 31. c4 Rde8 32. Qd2 Ba4 33. Rc1 Kh8
34. Nb6 Qc6 35. Nxa4 Qxa4 36. Qc2 Qc6 37. Rcd1 Re6 38. Rd5 Rfe8 39. e5 g6 40.
Qc3 Kg8 41. Rxd6 Rxd6 42. exd6 Rxe1 43. Qxe1 Qxd6 44. Qe8+ Kg7 45. Qe5+ Qf6 46.
Qxf6+ Kxf6 47. Ke3 Ke6 48. g4 f5 49. b4 Kd6 50. gxf5 gxf5 51. Kf3 Kc6 52. Kg3
b5 53. cxb5+ Kxb5 54. bxc5 Kxc5 55. Kh4 Kd5 56. a4 Ke4 57. a5 Kxf4 58. a6 Ke3
59. a7 f4 60. a8=Q {80 moves} 1-0

[Event "London Classic - FIDE Open"]
[Site "Olympia"]
[Date "2009.12.11"]
[Round "4"]
[White "Sabin, Frank"]
[Black "Valentine, Brian J"]
[Result "0-1"]
[WhiteElo "1690"]
[BlackElo "1978"]
[PlyCount "64"]
[EventDate "2009.??.??"]

1. d4 Nf6 2. c4 g6 3. Nc3 Bg7 4. e4 d6 5. f3 b6 6. Be3 O-O 7. Bd3 Bb7 8. Nge2
c5 9. d5 e6 10. Qd2 exd5 11. cxd5 a6 12. a4 Nbd7 13. Bh6 Nxe4 14. Bxe4 Qh4+ 15.
g3 Qxh6 16. f4 Rfe8 17. O-O-O b5 18. axb5 axb5 19. Nxb5 Rxe4 20. Nxd6 Rb4 21.
Nc3 Qh5 22. Rhe1 Ra1+ 23. Kc2 Ra2 24. Nxa2 Rxb2+ 25. Kc1 Rxd2 26. Rxd2 Bxd5 27.
g4 Qxg4 28. Rxd5 Qxf4+ 29. Kb1 Qf6 30. Re8+ Nf8 31. Rb8 Qa1+ 32. Kc2 Qxa2+ 0-1

[Event "London Classic - FIDE Open"]
[Site "Olympia"]
[Date "2009.12.11"]
[Round "4"]
[White "Millward, Kevin P"]
[Black "Bratteteig, Tore-Inge"]
[Result "1-0"]
[WhiteElo "1942"]
[BlackElo "1679"]
[PlyCount "95"]
[EventDate "2009.??.??"]

1. e4 e6 2. f4 d5 3. e5 c5 4. Nf3 Nc6 5. c3 Qb6 6. Bd3 f5 7. Bc2 Bd7 8. d3 Nh6
9. Nbd2 Be7 10. Nf1 O-O 11. Ng3 Kh8 12. Qe2 Rg8 13. Bd1 g6 14. h3 Nf7 15. h4
Kg7 16. Ng5 Nxg5 17. hxg5 Rh8 18. Qf2 h6 19. gxh6+ Rxh6 20. Rxh6 Kxh6 21. Nf1
Rh8 22. Bf3 Kg7 23. g3 Qb5 24. Qc2 Qb6 25. Be3 d4 26. Bf2 dxc3 27. bxc3 Qd8 28.
Rb1 b6 29. Qe2 Na5 30. Ne3 Bc6 31. Kd2 Qa8 32. Bxc6 Qxc6 33. Rb2 g5 34. Rb1
gxf4 35. gxf4 Kf7 36. Rg1 Rh1 37. Qf1 Rxg1 38. Qxg1 Qf3 39. Qg3 Qc6 40. Qh2 Qf3
41. Qg3 Qc6 42. Qh3 Qd7 43. Qh5+ Kf8 44. Qg6 Bd8 45. Qh6+ Ke8 46. Qh8+ Kf7 47.
Qh7+ Ke8 48. Qg8+ 1-0

[Event "London Classic - FIDE Open"]
[Site "Olympia"]
[Date "2009.12.11"]
[Round "5"]
[White "Hammer, Jon Ludvig"]
[Black "Hebden, Mark L"]
[Result "1/2-1/2"]
[WhiteElo "2588"]
[BlackElo "2522"]
[PlyCount "53"]
[EventDate "2009.??.??"]

1. e4 e5 2. Nf3 Nc6 3. Bb5 a6 4. Bxc6 dxc6 5. O-O Bd6 6. d4 exd4 7. Qxd4 f6 8.
Be3 Be6 9. Nbd2 Qe7 10. Nc4 Bb4 11. b3 c5 12. Qb2 Bxc4 13. bxc4 O-O-O 14. Rab1
b6 15. e5 Ba5 16. c3 fxe5 17. Nd2 Rxd2 18. Bxd2 Qe6 19. Rbe1 Nf6 20. Qb3 Rd8
21. Bg5 Rd3 22. Re3 Rxe3 23. Bxe3 Ne4 24. Rc1 Nd6 25. f3 e4 26. fxe4 Nxe4 27.
Qd1 1/2-1/2

[Event "London Classic - FIDE Open"]
[Site "Olympia"]
[Date "2009.12.11"]
[Round "5"]
[White "Williams, Simon K"]
[Black "Gullaksen, Eirik"]
[Result "1-0"]
[WhiteElo "2550"]
[BlackElo "2400"]
[PlyCount "89"]
[EventDate "2009.??.??"]

1. d4 Nf6 2. c4 g6 3. Nc3 Bg7 4. e4 O-O 5. f4 d6 6. Nf3 Na6 7. e5 Nd7 8. Be2
dxe5 9. dxe5 Ndc5 10. Be3 c6 11. b4 Qxd1+ 12. Rxd1 Ne6 13. a3 Rd8 14. Kf2 Kf8
15. g4 Ke8 16. f5 Rxd1 17. Rxd1 Nf8 18. Bd3 Bd7 19. Ne2 Nc7 20. Ng3 b5 21. Bf4
Rc8 22. h4 bxc4 23. Bxc4 h6 24. h5 g5 25. Be3 Nb5 26. Rd3 Ra8 27. a4 Nc7 28. a5
Bc8 29. Ne4 Ba6 30. Bxa6 Nxa6 31. f6 Bh8 32. Nd4 Nxb4 33. Rb3 Nd5 34. Nxc6 Rc8
35. Nxa7 Rc2+ 36. Kf3 Nd7 37. Bd4 exf6 38. exf6 Bxf6 39. Bxf6 N5xf6 40. Nxf6+
Nxf6 41. Nb5 Ra2 42. a6 Kd7 43. a7 Nd5 44. Rd3 Kc6 45. Rxd5 1-0

[Event "London Classic - FIDE Open"]
[Site "Olympia"]
[Date "2009.12.11"]
[Round "5"]
[White "Piper, Matthew S"]
[Black "Cherniaev, Alexander"]
[Result "0-1"]
[WhiteElo "2304"]
[BlackElo "2465"]
[PlyCount "54"]
[EventDate "2009.??.??"]

1. e4 c5 2. Nc3 Nc6 3. g3 g6 4. Bg2 Bg7 5. d3 d6 6. Bg5 Rb8 7. Qd2 h6 8. Be3
Nf6 9. h3 e5 10. Nge2 Nd4 11. f4 b5 12. O-O b4 13. Nd1 Nh5 14. Kh2 Nxe2 15.
Qxe2 exf4 16. gxf4 O-O 17. Rb1 f5 18. Bf3 fxe4 19. Bxh5 exd3 20. Qxd3 gxh5 21.
Nf2 Bf5 22. Qd5+ Kh7 23. Rg1 Qd7 24. Rg2 Rbe8 25. Rbg1 Bxb2 26. Qb3 Bh8 27. Bc1
Qf7 0-1

[Event "London Classic - FIDE Open"]
[Site "Olympia"]
[Date "2009.12.11"]
[Round "5"]
[White "Wells, Peter K"]
[Black "Rudd, Jack"]
[Result "1/2-1/2"]
[WhiteElo "2489"]
[BlackElo "2296"]
[PlyCount "37"]
[EventDate "2009.??.??"]

1. d4 Nf6 2. Nf3 e6 3. c4 c5 4. d5 b5 5. Bg5 exd5 6. cxd5 d6 7. e4 a6 8. a4 Be7
9. axb5 Nxe4 10. Bxe7 Qxe7 11. Be2 O-O 12. O-O Nf6 13. Nc3 Bb7 14. Re1 Qd8 15.
Qd2 axb5 16. Rxa8 Bxa8 17. Bxb5 Nbd7 18. Nh4 g6 19. Nf3 {time used: 1.46 v 0.12
} 1/2-1/2

[Event "London Classic - FIDE Open"]
[Site "Olympia"]
[Date "2009.12.11"]
[Round "5"]
[White "Arkell, Keith C"]
[Black "Hennigan, Michael T"]
[Result "1/2-1/2"]
[WhiteElo "2464"]
[BlackElo "2385"]
[PlyCount "105"]
[EventDate "2009.??.??"]

1. d4 Nf6 2. Nf3 g6 3. c4 Bg7 4. g3 O-O 5. Bg2 d6 6. O-O Nc6 7. Nc3 e5 8. h3
Nd7 9. Bg5 f6 10. Be3 h6 11. dxe5 dxe5 12. Qd2 g5 13. g4 Nb6 14. b3 f5 15. Qxd8
Rxd8 16. gxf5 e4 17. Nxe4 Bxa1 18. Rxa1 Bxf5 19. Nc5 Rab8 20. h4 g4 21. Nd2 Kh7
22. Nxb7 Rxb7 23. Bxc6 Rbb8 24. Ne4 Rf8 25. Ng3 Bd7 26. Be4+ Kg7 27. Bf4 Rbc8
28. c5 Na8 29. Rd1 Be6 30. Rd4 c6 31. Rd6 Kf7 32. Nf5 Nc7 33. Rxc6 Nb5 34.
Nxh6+ Ke7 35. Be5 Rfd8 36. e3 Rd1+ 37. Kh2 Rxc6 38. Bxc6 Rc1 39. b4 Nc3 40. b5
Nxa2 41. b6 axb6 42. cxb6 Rxc6 43. b7 Rb6 44. b8=Q Rxb8 45. Bxb8 Nc1 46. Bf4
Kf6 47. e4 Ne2 48. e5+ Kg6 49. Bg5 Kh5 50. Kg2 Nd4 51. Be3 Nf3 52. Kg3 Nxe5 53.
Nxg4 1/2-1/2

[Event "London Classic - FIDE Open"]
[Site "Olympia"]
[Date "2009.12.11"]
[Round "5"]
[White "Cox, John J"]
[Black "Barle, Janez"]
[Result "1-0"]
[WhiteElo "2377"]
[BlackElo "2420"]
[PlyCount "111"]
[EventDate "2009.??.??"]

1. c4 c5 2. g3 Nc6 3. Bg2 e6 4. Nf3 d5 5. O-O Nf6 6. b3 Be7 7. Bb2 d4 8. e3 e5
9. exd4 exd4 10. d3 O-O 11. Na3 Re8 12. Nc2 a5 13. a3 Bg4 14. h3 Bxf3 15. Bxf3
Qd7 16. Bg2 a4 17. bxa4 Ne5 18. f4 Ng6 19. Bc1 h5 20. Rb1 Qxa4 21. Rxb7 Rab8
22. Rxb8 Rxb8 23. Qe2 Bd6 24. Ne1 Re8 25. Qc2 Qxc2 26. Nxc2 h4 27. gxh4 Re2 28.
Rf2 Rxf2 29. Kxf2 Bxf4 30. Bxf4 Nxf4 31. Bf1 Kf8 32. Na1 Ke7 33. Nb3 Kd6 34.
Nd2 Kc6 35. Nf3 Nd7 36. Kg3 Nh5+ 37. Kg4 g6 38. Kg5 Kb6 39. Kh6 Ng3 40. Kg7
Nxf1 41. Kxf7 Ng3 42. Kxg6 Nf8+ 43. Kf7 Nd7 44. Kg6 Nf8+ 45. Kg5 Nh7+ 46. Kg4
Ne2 47. h5 Nc1 48. Ne1 Ne2 49. h6 Nf8 50. h4 Ka5 51. Kf5 Ng3+ 52. Kf6 Nh5+ 53.
Kf7 Nh7 54. Kg6 N5f6 55. Nf3 Ka4 56. Ng5 1-0

[Event "London Classic - FIDE Open"]
[Site "Olympia"]
[Date "2009.12.11"]
[Round "5"]
[White "McDonald, Neil"]
[Black "Lyell, Mark"]
[Result "1-0"]
[WhiteElo "2412"]
[BlackElo "2245"]
[PlyCount "87"]
[EventDate "2009.??.??"]

1. e4 e5 2. Nf3 Nc6 3. Bb5 f5 4. d4 fxe4 5. Nxe5 Nxe5 6. dxe5 c6 7. Bc4 Qa5+ 8.
Nc3 Qxe5 9. O-O Nf6 10. Bb3 d5 11. f3 Bd6 12. g3 Bc5+ 13. Kh1 e3 14. Qe2 Bh3
15. Re1 O-O-O 16. Na4 Bd6 17. Qxe3 Qh5 18. Qf2 Rhf8 19. Bf4 Bxf4 20. gxf4 Nd7
21. c4 dxc4 22. Bd1 Rxf4 23. Rc1 Nb6 24. Nc5 Rfd4 25. Ne4 Qh6 26. Be2 Bf5 27.
Ng3 Bg6 28. Nf1 Qf4 29. Rc3 Nd5 30. Ra3 a6 31. Ra4 b5 32. Rxa6 Kb7 33. Ra3 Bd3
34. Bxd3 cxd3 35. Nd2 c5 36. Nb3 d2 37. Rd1 Ne3 38. Nxc5+ Kc6 39. Rxe3 Kxc5 40.
Re4 Qg5 41. Rg4 Qh6 42. b4+ Kc4 43. Rxd2 Qf6 44. Qe3 1-0

[Event "London Classic - FIDE Open"]
[Site "Olympia"]
[Date "2009.12.11"]
[Round "5"]
[White "Aikhoje, Odion"]
[Black "Crawley, Gavin"]
[Result "1-0"]
[WhiteElo "2252"]
[BlackElo "2407"]
[PlyCount "78"]
[EventDate "2009.??.??"]

1. Nf3 d5 2. d4 Nc6 3. g3 Bg4 4. Bg2 e6 5. c4 dxc4 6. Qa4 Bb4+ 7. Bd2 Bxf3 8.
Bxf3 Bxd2+ 9. Nxd2 Nge7 10. e3 e5 11. dxe5 a6 12. e6 fxe6 13. Qxc4 Qd7 14. Be4
O-O-O 15. Nf3 Rhf8 16. O-O h6 17. a3 g5 18. Qc2 e5 19. b4 g4 20. Rfd1 Qe6 21.
Nd2 h5 22. Nb3 Rxd1+ 23. Rxd1 Rd8 24. Nc5 Rxd1+ 25. Qxd1 Qd6 26. Qb3 Nd8 27.
Qc4 c6 28. Kg2 Nd5 29. h3 gxh3+ 30. Kxh3 Nf7 31. Bf5+ Kc7 32. Qh4 Qh6 33. Kg2
Nd6 34. Ne6+ Kb8 35. Qd8+ Nc8 36. Nc5 Ndb6 37. Bxc8 Nxc8 38. Nd7+ Ka7 39. Qxc8
Qd6 1-0

[Event "London Classic - FIDE Open"]
[Site "Olympia"]
[Date "2009.12.11"]
[Round "5"]
[White "Buckley, Graeme N"]
[Black "Anderton, Matthew N"]
[Result "1-0"]
[WhiteElo "2388"]
[BlackElo "2232"]
[PlyCount "73"]
[EventDate "2009.??.??"]

1. d4 Nf6 2. c4 c5 3. d5 b5 4. cxb5 a6 5. bxa6 g6 6. g3 Bxa6 7. Bg2 d6 8. Nc3
Bg7 9. Nf3 Nbd7 10. Rb1 Nb6 11. b3 Bb7 12. Nh4 Qd7 13. O-O O-O 14. a4 Rfb8 15.
Re1 Bc8 16. Nf3 Ne8 17. Bb2 Nc4 18. Ba1 Na3 19. Rc1 c4 20. bxc4 Nxc4 21. Nb5
Bxa1 22. Rxc4 Ba6 23. Qxa1 Bxb5 24. Rb4 Bxa4 25. Rxb8 Rxb8 26. Rc1 Nf6 27. Nd4
Rb6 28. Rc4 Bb3 29. Rc3 Qa4 30. Qb2 Qa2 31. Rc2 Qa4 32. Rc1 Qa2 33. Rb1 Bc2 34.
Qxa2 Rxb1+ 35. Bf1 Be4 36. f3 Rd1 37. Qa4 1-0

[Event "London Classic - FIDE Open"]
[Site "Olympia"]
[Date "2009.12.11"]
[Round "5"]
[White "Pcola, Pavol"]
[Black "Stephan, Axel"]
[Result "0-1"]
[WhiteElo "2386"]
[BlackElo "2225"]
[PlyCount "60"]
[EventDate "2009.??.??"]

1. c4 e5 2. g3 Nf6 3. Bg2 d5 4. cxd5 Nxd5 5. Nc3 Nb6 6. Nf3 Nc6 7. O-O Be7 8.
a3 g5 9. b4 g4 10. Ne1 h5 11. b5 Nd4 12. e3 Ne6 13. Nc2 f5 14. d3 h4 15. Re1
hxg3 16. fxg3 Ng5 17. e4 Qd6 18. Bxg5 Bxg5 19. exf5 Qc5+ 20. d4 Qxc3 21. Rxe5+
Kd8 22. Qxg4 Bf6 23. Re3 Qxc2 24. Qg6 Nd7 25. Kh1 Bxd4 26. Qe6 Bxe3 27. Qxe3
Qxf5 28. Rf1 Qe5 29. Qd2 a6 30. Re1 Qxg3 0-1

[Event "London Classic - FIDE Open"]
[Site "Olympia"]
[Date "2009.12.11"]
[Round "5"]
[White "Chapman, Terry P D"]
[Black "Conquest, Stuart C"]
[Result "0-1"]
[WhiteElo "2222"]
[BlackElo "2563"]
[PlyCount "42"]
[EventDate "2009.??.??"]

1. Nf3 g6 2. e4 c5 3. d4 cxd4 4. Qxd4 Nf6 5. e5 Nc6 6. Qa4 Nd5 7. Qe4 Ndb4 8.
Bb5 Bg7 9. O-O O-O 10. a3 Na6 11. Re1 Nc7 12. Bc4 Nxe5 13. Nxe5 d5 14. Nxf7
Rxf7 15. Rd1 Qd6 16. Qe2 Qc5 17. Bb3 Bg4 18. Qe1 Bxd1 19. Be3 Bd4 20. Bxd4 Qxd4
21. c3 Qb6 0-1